[Event "16th Asia-ch (w)"]
[Site "Ho Chi Minh VIE"]
[Date "2012.05.06"]
[Round "2"]
[White "Swathi, Ghate"]
[Black "Ni Shiqun"]
[Result "1/2-1/2"]
[WhiteElo "2286"]
[BlackElo "2157"]
[EventDate "2012.05.05"]
[PlyCount "131"]

1.e4 e5 2.Bc4 Nf6 3.d3 Bc5 4.Nf3 d6 5.c3 Bb6 6.h3 Nbd7 7.Nbd2 c6 8.O-O O-O
9.Bb3 d5 10.Bc2 Re8 11.Re1 Bc7 12.Nf1 Nf8 13.Ng3 Ng6 14.Nh2 dxe4 15.dxe4 
Qxd1 16.Rxd1 Nf4 17.Be3 Be6 18.Nf3 h6 19.Nf5 Bxf5 20.exf5 N4d5 21.Bc5 b6 
22.Ba3 c5 23.Nd2 Rac8 24.Ne4 Red8 25.g3 Kf8 26.Kg2 Nxe4 27.Bxe4 Nf6 28.Kf3
Ke7 29.b3 Rd6 30.Rxd6 Bxd6 31.Rd1 b5 32.c4 b4 33.Bc1 Rb8 34.g4 Nh7 35.h4 
f6 36.Bc6 Rb6 37.Bd5 Ra6 38.Rd2 Kd7 39.Re2 Be7 40.Be3 Kc7 41.Ke4 Rb6 42.
Rd2 Nf8 43.Bf7 Nd7 44.Be8 Nf8 45.Rd5 Rb8 46.Ba4 Kb6 47.g5 hxg5 48.hxg5 Nh7
49.g6 Ng5+ 50.Bxg5 fxg5 51.Rxe5 Bf6 52.Re6+ Kb7 53.Bc6+ Kc7 54.Bd5 Rb6 55.
Re8 Rb8 56.Re6 Rb6 57.Rxf6 Rxf6 58.Ke5 Kd7 59.Be6+ Kc6 60.f3 a6 61.Bf7 Kd7
62.Bg8 Kc7 63.Bd5 Kd7 64.Be4 Rd6 65.Bd5 Rf6 66.Be6+ 1/2-1/2

[Event "16th Asia-ch (w)"]
[Site "Ho Chi Minh VIE"]
[Date "2012.05.06"]
[Round "2"]
[White "Zhai Mo"]
[Black "Enkhtuul, Altanulzii"]
[Result "1-0"]
[WhiteElo "2248"]
[BlackElo "2108"]
[EventDate "2012.05.05"]
[PlyCount "68"]

1.e4 Nf6 2.e5 Nd5 3.d4 d6 4.c4 Nb6 5.exd6 exd6 6.Nc3 Be7 7.h3 O-O 8.Bd3 
Bf6 9.Nf3 Nc6 10.Be3 Nb4 11.Be2 Bf5 12.Rc1 d5 13.a3 Nc6 14.c5 Nc8 15.O-O 
Be4 16.Qb3 N8e7 17.Rfd1 Na5 18.Qa2 Bxf3 19.Bxf3 c6 20.Be2 b5 21.cxb6 axb6 
22.b4 Nb7 23.b5 cxb5 24.Nxb5 Nd6 25.Nc7 Ra5 26.Bd2 Ra4 27.Bb4 Ndf5 28.Bf3 
Nxd4 29.Nxd5 Nxf3+ 30.gxf3 Nxd5 31.Rxd5 Qa8 32.Rd7 Rxa3 33.Qc4 Rc3 34.Qf4 
Rxf3 1-0

[Event "16th Asia-ch (w)"]
[Site "Ho Chi Minh VIE"]
[Date "2012.05.06"]
[Round "2"]
[White "Jelsen, Yemi"]
[Black "Le Kieu Thien Kim"]
[Result "0-1"]
[WhiteElo "2007"]
[BlackElo "2239"]
[EventDate "2012.05.05"]
[PlyCount "100"]

1.d4 Nf6 2.c4 e6 3.Nc3 d5 4.Bf4 c5 5.e3 cxd4 6.exd4 Be7 7.Nf3 O-O 8.Bd3 a6
9.O-O dxc4 10.Bxc4 b5 11.Bd3 Bb7 12.Qe2 Nc6 13.Rfd1 Nb4 14.Bb1 Rc8 15.Bg3 
Qb6 16.a4 Nbd5 17.Nxd5 Bxd5 18.axb5 axb5 19.Bd3 Nh5 20.Ne5 Nxg3 21.hxg3 
Qb7 22.Bxb5 Rb8 23.Ba6 Qc7 24.Bd3 Rb4 25.Rac1 Qb7 26.Rd2 Bf6 27.Ba6 Qa7 
28.Bc4 Ba8 29.b3 Qb7 30.f4 Rd8 31.Kh2 g6 32.Ra1 Qe4 33.Qg4 Bxe5 34.Qh4 Bc7
35.Qe7 Qb7 36.Bxe6 Ba5 37.Bxf7+ Kg7 38.Qe5+ Kxf7 39.Rxa5 Rbxd4 40.Re2 R4d6
41.Qc5 Qc6 42.Qg5 Re8 43.Rea2 Rd5 44.Rxd5 Qxd5 45.f5 Qxf5 46.Qd2 Kg8 47.b4
Qd5 48.Qb2 Qh5+ 49.Kg1 Bd5 50.Ra7 Qe5 0-1

[Event "16th Asia-ch (w)"]
[Site "Ho Chi Minh VIE"]
[Date "2012.05.06"]
[Round "2"]
[White "Yanjindulam, Dulamsuren"]
[Black "Ton Nu Hong An"]
[Result "1-0"]
[WhiteElo "2214"]
[BlackElo "1997"]
[EventDate "2012.05.05"]
[PlyCount "71"]

1.e4 e5 2.Bc4 Nc6 3.Nf3 Nf6 4.d3 Be7 5.O-O d6 6.c3 Bg4 7.Re1 O-O 8.h3 Bh5 
9.Nbd2 Qd7 10.Bb3 Rfe8 11.Nf1 Na5 12.Bc2 Bf8 13.Bg5 c5 14.Bxf6 gxf6 15.Ne3
Kh8 16.g4 Bg6 17.Nd5 Re6 18.Nh4 b5 19.Nf5 Bg7 20.Nxg7 Kxg7 21.f4 exf4 22.
Rf1 c4 23.Nxf4 Re5 24.d4 Rg5 25.Nd5 Rxd5 26.exd5 Re8 27.Bf5 Qc7 28.Qf3 Qd8
29.h4 Bxf5 30.Qxf5 Re3 31.g5 fxg5 32.Qxf7+ Kh8 33.h5 g4 34.Qf8+ Qxf8 35.
Rxf8+ Kg7 36.Ra8 1-0

[Event "16th Asia-ch (w)"]
[Site "Ho Chi Minh VIE"]
[Date "2012.05.06"]
[Round "2"]
[White "Sihite, Chelsie Monica"]
[Black "Otorbaeva, Nuriza"]
[Result "1-0"]
[WhiteElo "2181"]
[BlackElo "1740"]
[EventDate "2012.05.05"]
[PlyCount "41"]

1.e4 c6 2.d4 d5 3.Nc3 dxe4 4.Nxe4 Nd7 5.Ng5 Ngf6 6.Bd3 e6 7.Qe2 Be7 8.N1f3
c5 9.Nxf7 Kxf7 10.Ng5+ Ke8 11.Nxe6 Qb6 12.Nxg7+ Kd8 13.Ne6+ Ke8 14.Bf4 
Qa5+ 15.c3 Nb6 16.Nc7+ Kd8 17.dxc5 Nbd5 18.Nxd5 Nxd5 19.Qe5 Nf6 20.b4 Qa3 
21.O-O 1-0

[Event "16th Asia-ch (w)"]
[Site "Ho Chi Minh VIE"]
[Date "2012.05.07"]
[Round "3"]
[White "Hoang Thi Bao Tram"]
[Black "Mongontuul, Batchujagijn"]
[Result "1/2-1/2"]
[WhiteElo "2356"]
[BlackElo "2451"]
[EventDate "2012.05.05"]
[PlyCount "110"]

1.d4 d5 2.Nf3 Nf6 3.e3 c6 4.b3 Bg4 5.Bb2 Nbd7 6.Nbd2 e6 7.Be2 Bd6 8.Ne5 
Bxe2 9.Qxe2 O-O 10.O-O Ne4 11.Rad1 f6 12.Nxd7 Qxd7 13.c4 Qc7 14.g3 Rad8 
15.f3 Nxd2 16.Rxd2 Rfe8 17.Rfd1 e5 18.cxd5 cxd5 19.Qb5 Qc6 20.Qxc6 bxc6 
21.Rc2 Rc8 22.Rdc1 exd4 23.exd4 Bf8 24.Kf2 Re6 25.Re2 Kf7 26.Rcc2 Rce8 27.
Rxe6 Rxe6 28.Bc1 g5 29.Bd2 h5 30.b4 Ke8 31.a4 Kd7 32.Rb2 a6 33.Bc3 Be7 34.
b5 cxb5 35.axb5 Rb6 36.bxa6 Rxa6 37.Ke3 Ra3 38.Kd3 Bd6 39.Rb5 Kc6 40.Ra5 
Rxa5 41.Bxa5 Kd7 42.Ke2 Ke6 43.Kf2 g4 44.fxg4 hxg4 45.Bd2 Kf5 46.Ke3 Kg6 
47.Kd3 Bc7 48.Ke2 Kh5 49.Kd3 f5 50.Ke2 Bb8 51.Bc1 Ba7 52.Kd3 Bb8 53.Ke2 
Kg6 54.Kd3 Bc7 55.Bd2 Bd6 1/2-1/2

[Event "16th Asia-ch (w)"]
[Site "Ho Chi Minh VIE"]
[Date "2012.05.07"]
[Round "3"]
[White "Tan Zhongyi"]
[Black "Kharisma Sukandar, Irine"]
[Result "0-1"]
[WhiteElo "2430"]
[BlackElo "2288"]
[EventDate "2012.05.05"]
[PlyCount "64"]

1.Nf3 d5 2.d4 Nf6 3.c4 e6 4.g3 dxc4 5.Bg2 Nc6 6.O-O Rb8 7.e3 b5 8.Qe2 a6 
9.Rd1 Bb7 10.e4 Be7 11.Nc3 O-O 12.b3 Na5 13.bxc4 Nxc4 14.Bf4 Bb4 15.Na4 
Nxe4 16.Ne5 Ncd6 17.Qb2 bxa4 18.Qxb4 Nxf2 19.Kxf2 Bxg2 20.Qa3 Bd5 21.Rab1 
Rb5 22.Kg1 f6 23.Nd3 Rxb1 24.Rxb1 Nb5 25.Qc5 Bxa2 26.Ra1 Bb3 27.Be3 Qa8 
28.Nb4 Qf3 29.Bf2 Nc3 30.Qc6 Ne4 31.Rf1 a5 32.d5 Ng5 0-1

[Event "16th Asia-ch (w)"]
[Site "Ho Chi Minh VIE"]
[Date "2012.05.07"]
[Round "3"]
[White "Karavade, Eesha"]
[Black "Batchimeg, Tuvshintogs"]
[Result "0-1"]
[WhiteElo "2353"]
[BlackElo "2363"]
[EventDate "2012.05.05"]
[PlyCount "76"]

1.d4 d5 2.c4 dxc4 3.e3 Nf6 4.Bxc4 e6 5.Nf3 c5 6.O-O a6 7.Bb3 b5 8.a4 b4 9.
e4 cxd4 10.Nbd2 Bb7 11.e5 Nfd7 12.Nc4 Nc5 13.Bg5 Qc7 14.Nxd4 Nc6 15.Nf3 
Nxb3 16.Qxb3 Na5 17.Nxa5 Qxa5 18.Rfd1 Bd5 19.Qe3 Bc5 20.Qf4 O-O 21.Nd4 
Rfc8 22.h3 Bf8 23.Qg4 Rc4 24.Rd3 Rac8 25.h4 Qc7 26.Re1 b3 27.Qg3 Qa5 28.
Red1 Qxa4 29.f3 Rc2 30.Nf5 exf5 31.Rxd5 Qc6 32.h5 h6 33.Bf6 Kh8 34.Rd7 
gxf6 35.Rxf7 Qc5+ 36.Kh2 Qf2 37.Qg6 Qh4+ 38.Kg1 Bc5+ 0-1

[Event "16th Asia-ch (w)"]
[Site "Ho Chi Minh VIE"]
[Date "2012.05.07"]
[Round "3"]
[White "Pham Le Thao Nguyen"]
[Black "Mohota, Nisha"]
[Result "1/2-1/2"]
[WhiteElo "2390"]
[BlackElo "2321"]
[EventDate "2012.05.05"]
[PlyCount "72"]

1.d4 g6 2.Bf4 Nf6 3.e3 Bg7 4.Nf3 d6 5.Be2 Nbd7 6.h3 O-O 7.O-O b6 8.a4 a6 
9.c3 Bb7 10.Bh2 Ra7 11.Re1 c5 12.Nbd2 Qa8 13.Bf1 Ne4 14.Nxe4 Bxe4 15.Nd2 
Bc6 16.Nc4 Re8 17.b4 d5 18.Nd2 c4 19.e4 b5 20.Qc2 Nb6 21.a5 Nd7 22.e5 Nf8 
23.g4 Qd8 24.Bg2 e6 25.Re2 g5 26.f4 gxf4 27.Bxf4 Ng6 28.Bg3 f6 29.Nf3 Rf7 
30.exf6 Bxf6 31.Rc1 Bd7 32.Qd2 Bc8 33.Rf1 Ref8 34.Qe1 Bg7 35.Ref2 Nf4 36.
Bxf4 Rxf4 1/2-1/2

[Event "16th Asia-ch (w)"]
[Site "Ho Chi Minh VIE"]
[Date "2012.05.07"]
[Round "3"]
[White "Nguyen Thi Thanh An"]
[Black "Gomes, Mary Ann"]
[Result "1-0"]
[WhiteElo "2301"]
[BlackElo "2378"]
[EventDate "2012.05.05"]
[PlyCount "61"]

1.d4 Nf6 2.c4 c5 3.d5 e6 4.Nc3 exd5 5.cxd5 d6 6.Nf3 g6 7.h3 Bg7 8.e4 a6 9.
a4 O-O 10.Bd3 Nbd7 11.O-O Nh5 12.Be3 Re8 13.Ra3 Rb8 14.Rb3 Qc7 15.Nd2 Nhf6
16.Re1 h6 17.f4 Nh7 18.Nc4 Bxc3 19.Rxc3 b5 20.axb5 axb5 21.Nd2 Qd8 22.Bb1 
b4 23.Rc1 Nb6 24.Nf3 Ba6 25.Bf2 Qf6 26.e5 Qd8 27.Bh4 Qc7 28.f5 g5 29.f6 
gxh4 30.Qc2 Nf8 31.Qd2 1-0

[Event "16th Asia-ch (w)"]
[Site "Ho Chi Minh VIE"]
[Date "2012.05.07"]
[Round "3"]
[White "Pratyusha, Bodda"]
[Black "Ding Yixin"]
[Result "0-1"]
[WhiteElo "2123"]
[BlackElo "2353"]
[EventDate "2012.05.05"]
[PlyCount "52"]

1.e4 c5 2.Nc3 e6 3.Nf3 a6 4.d4 cxd4 5.Nxd4 b5 6.Bd3 Bb7 7.O-O Qc7 8.Kh1 
Nf6 9.Qe2 b4 10.Nd1 Nc6 11.Nxc6 Qxc6 12.f3 Bc5 13.Ne3 Qc7 14.Bd2 O-O 15.c3
Nh5 16.g3 bxc3 17.Bxc3 Qxg3 18.Rg1 Qh3 19.b4 Ba7 20.Raf1 f6 21.Rg4 f5 22.
Rg5 fxe4 23.Rfg1 Rf7 24.fxe4 Qxe3 25.Qxh5 Bxe4+ 26.Bxe4 Qxe4+ 0-1

[Event "16th Asia-ch (w)"]
[Site "Ho Chi Minh VIE"]
[Date "2012.05.07"]
[Round "3"]
[White "Pham Thi Thu Hoai"]
[Black "Tania, Sachdev"]
[Result "0-1"]
[WhiteElo "1956"]
[BlackElo "2417"]
[EventDate "2012.05.05"]
[PlyCount "46"]

1.e4 c5 2.Nf3 e6 3.d4 cxd4 4.Nxd4 a6 5.c4 Nf6 6.Nc3 Bb4 7.f3 Qc7 8.a3 
Bxc3+ 9.bxc3 d6 10.Be3 Nbd7 11.Rb1 O-O 12.Nb3 d5 13.exd5 exd5 14.c5 Re8 
15.Kf2 Ne5 16.Bd4 Bf5 17.Ra1 Re6 18.Nc1 Rae8 19.Be2 Ned7 20.g4 Bg6 21.h4 
Qf4 22.Kg1 Qg3+ 23.Kf1 Rxe2 0-1

[Event "16th Asia-ch (w)"]
[Site "Ho Chi Minh VIE"]
[Date "2012.05.07"]
[Round "3"]
[White "Wang Jue"]
[Black "Hoang Thi Nhu Y"]
[Result "1-0"]
[WhiteElo "2364"]
[BlackElo "2238"]
[EventDate "2012.05.05"]
[PlyCount "88"]

1.e4 c6 2.d4 d5 3.Nc3 e6 4.Nge2 dxe4 5.Nxe4 Nf6 6.N2g3 Be7 7.c3 Nbd7 8.Bf4
O-O 9.Bd3 Nd5 10.Bc1 c5 11.Nxc5 Nxc5 12.dxc5 Bxc5 13.Ne4 Be7 14.O-O Qc7 
15.Qf3 Bd7 16.a3 Bc6 17.c4 Nf6 18.Bf4 e5 19.Bg3 Nxe4 20.Bxe4 f5 21.Bd5+ 
Kh8 22.Qh5 Bxd5 23.cxd5 f4 24.Bh4 Bc5 25.Kh1 Bd4 26.Qe2 Qd7 27.Qe4 Bxb2 
28.Rab1 Bxa3 29.d6 Rf7 30.Rfd1 Re8 31.Be7 b6 32.Qd5 Kg8 33.Ra1 Rxe7 34.
Rxa3 Re8 35.Rc1 Rc8 36.Rxc8+ Qxc8 37.d7 Qd8 38.Qxe5 h6 39.Qe6 Kf8 40.Qd5 
Kg8 41.Qe6 Kf8 42.Qc6 Kg8 43.Qc8 Rf8 44.Qb7 a5 1-0

[Event "16th Asia-ch (w)"]
[Site "Ho Chi Minh VIE"]
[Date "2012.05.07"]
[Round "3"]
[White "Guo Qi"]
[Black "Yanjindulam, Dulamsuren"]
[Result "0-1"]
[WhiteElo "2360"]
[BlackElo "2214"]
[EventDate "2012.05.05"]
[PlyCount "72"]

1.d4 Nf6 2.Nf3 g6 3.c4 Bg7 4.Nc3 O-O 5.e4 d6 6.Be2 e5 7.O-O Nc6 8.d5 Ne7 
9.Ne1 Nd7 10.Nd3 f5 11.f3 f4 12.Bd2 g5 13.Rc1 Ng6 14.c5 a6 15.b4 Nf6 16.a4
h5 17.Nf2 Rf7 18.cxd6 cxd6 19.a5 Nh4 20.Na4 Nd7 21.Rc3 b5 22.axb6 Nxb6 23.
Nxb6 Qxb6 24.Qa4 Bf8 25.Qa5 Qd4 26.Be1 g4 27.Kh1 g3 28.hxg3 fxg3 29.Nd1 
Rg7 30.Rc7 Bh3 31.Rg1 Rxc7 32.Qxc7 Rc8 33.Qb7 Bxg2+ 34.Rxg2 Nxg2 35.Kxg2 
Rc2 36.Qxa6 Qxd1 0-1

[Event "16th Asia-ch (w)"]
[Site "Ho Chi Minh VIE"]
[Date "2012.05.07"]
[Round "3"]
[White "Nguyen Thi Mai Hung"]
[Black "Le Thanh Tu"]
[Result "0-1"]
[WhiteElo "2237"]
[BlackElo "2313"]
[EventDate "2012.05.05"]
[PlyCount "76"]

1.d4 c5 2.e3 Nf6 3.Nf3 g6 4.Bd3 Bg7 5.O-O O-O 6.c3 b6 7.Qe2 d5 8.Nbd2 Nc6 
9.Ne5 Qc7 10.f4 Bb7 11.b3 e6 12.Ba3 Ne7 13.Rac1 Ne4 14.c4 Nxd2 15.Qxd2 
dxc4 16.Bxc4 Rfd8 17.Qe2 Rac8 18.b4 Nc6 19.Nxc6 Qxc6 20.Bb5 Qe4 21.bxc5 
bxc5 22.Bxc5 a6 23.Bd3 Qc6 24.Be7 Qxc1 25.Rxc1 Rxc1+ 26.Kf2 Rd7 27.Bc5 Bf6
28.Bxa6 Be4 29.Qb5 Rc2+ 30.Ke1 Rd8 31.a4 Rxg2 32.a5 Bf3 33.Kf1 Bh4 34.Bb7 
Rb8 35.e4 Rf2+ 36.Kg1 Rg2+ 37.Kf1 Re2 38.Qb3 Rxb7 0-1

[Event "16th Asia-ch (w)"]
[Site "Ho Chi Minh VIE"]
[Date "2012.05.07"]
[Round "3"]
[White "Nakhbaeva, Guliskhan"]
[Black "Sihite, Chelsie Monica"]
[Result "1-0"]
[WhiteElo "2309"]
[BlackElo "2181"]
[EventDate "2012.05.05"]
[PlyCount "104"]

1.d4 Nf6 2.c4 e6 3.Nf3 b6 4.g3 Bb4+ 5.Bd2 Bxd2+ 6.Qxd2 Ba6 7.b3 c6 8.Bg2 
O-O 9.O-O d5 10.Qc2 Ne4 11.Nc3 Nxc3 12.Qxc3 Nd7 13.Rfe1 Rc8 14.e4 dxe4 15.
Rxe4 Nf6 16.Ree1 c5 17.Rad1 cxd4 18.Rxd4 Qe7 19.Ne5 Bb7 20.Red1 Bxg2 21.
Kxg2 Qc5 22.f4 a5 23.g4 h6 24.h4 h5 25.gxh5 Nxh5 26.Qf3 Nf6 27.h5 Qc7 28.
h6 gxh6 29.Qg3+ Kh7 30.Qh4 Qb7+ 31.Kf2 Qe7 32.Rh1 Ng8 33.Qxe7 Nxe7 34.Rd7 
Ng8 35.Nxf7 Kg6 36.Rg1+ Kf6 37.Ne5 Kf5 38.Kf3 Nf6 39.Rb7 Rg8 40.Rh1 Rcf8 
41.Nc6 Re8 42.Rxh6 e5 43.fxe5 Ne4 44.Ne7+ Rxe7 45.Rxe7 Rg3+ 46.Ke2 Nc3+ 
47.Kf1 Ke4 48.Reh7 Rf3+ 49.Ke1 Kxe5 50.Rxb6 Nxa2 51.Rh5+ Kd4 52.Rxa5 Kc3 
1-0

[Event "16th Asia-ch (w)"]
[Site "Ho Chi Minh VIE"]
[Date "2012.05.07"]
[Round "3"]
[White "Aulia, Virda Rizka"]
[Black "Zhai Mo"]
[Result "0-1"]
[WhiteElo "1769"]
[BlackElo "2248"]
[EventDate "2012.05.05"]
[PlyCount "62"]

1.e4 c5 2.Nc3 Nc6 3.g3 g6 4.Bg2 Bg7 5.d3 e6 6.Be3 Nd4 7.Qd2 Qa5 8.f4 d6 9.
Nf3 Ne7 10.O-O Nec6 11.a3 O-O 12.Rf2 Qb6 13.Rb1 Bd7 14.Qe1 Rac8 15.Nd1 Qa6
16.Qf1 Nxf3+ 17.Bxf3 Nd4 18.Bg2 f5 19.Rd2 Bc6 20.Nf2 e5 21.Qd1 Rce8 22.c3 
Ne6 23.Nh3 Bh6 24.exf5 exf4 25.Bxf4 Nxf4 26.gxf4 Rxf5 27.Qg4 Re3 28.Bxc6 
Qxc6 29.Rg2 Qd5 30.Rd1 Qe6 31.Qh4 Rh5 0-1

[Event "16th Asia-ch (w)"]
[Site "Ho Chi Minh VIE"]
[Date "2012.05.07"]
[Round "3"]
[White "Le Kieu Thien Kim"]
[Black "Aulia, Medina Warda"]
[Result "1-0"]
[WhiteElo "2239"]
[BlackElo "2172"]
[EventDate "2012.05.05"]
[PlyCount "83"]

1.d4 d5 2.Nf3 Nf6 3.e3 e6 4.Bd3 c5 5.b3 Nc6 6.a3 Qb6 7.Bb2 c4 8.Be2 Be7 9.
O-O O-O 10.Nc3 cxb3 11.cxb3 Na5 12.b4 Nc6 13.Na4 Qd8 14.Rc1 Ne4 15.Ne5 
Nxe5 16.dxe5 f6 17.Bd3 f5 18.f3 Ng5 19.Nc5 a5 20.b5 b6 21.Na4 Rb8 22.Qb3 
f4 23.Bd4 Bd7 24.Be2 fxe3 25.Qxe3 Nf7 26.Nxb6 Be8 27.f4 Nh6 28.g4 Rf7 29.
Rc2 g5 30.f5 exf5 31.Rfc1 f4 32.Qh3 Bf8 33.Rc8 Rxc8 34.Rxc8 Qe7 35.Nxd5 
Qd7 36.Rxe8 Qxe8 37.Bc4 Qc8 38.e6 Qxc4 39.exf7+ Kxf7 40.Qh5+ Ke6 41.Qe8+ 
Kd6 42.Qe5+ 1-0

[Event "16th Asia-ch (w)"]
[Site "Ho Chi Minh VIE"]
[Date "2012.05.07"]
[Round "3"]
[White "Padmini, Rout"]
[Black "Ni Shiqun"]
[Result "1-0"]
[WhiteElo "2345"]
[BlackElo "2157"]
[EventDate "2012.05.05"]
[PlyCount "121"]

1.e4 e5 2.Nf3 Nf6 3.d4 Nxe4 4.Bd3 d5 5.Nxe5 Nd7 6.Nxd7 Bxd7 7.O-O Bd6 8.
Nc3 Nxc3 9.bxc3 Qh4 10.Re1+ Kf8 11.g3 Qg4 12.Be2 Qf5 13.Rb1 b6 14.Bd3 Qg4 
15.Qxg4 Bxg4 16.Kg2 h6 17.f4 g6 18.Bb2 c6 19.c4 Kg7 20.c5 Bc7 21.c4 Be6 
22.cxd5 Bxd5+ 23.Be4 Rhd8 24.Rbc1 Rac8 25.Kf3 Kf8 26.Bxd5 Rxd5 27.cxb6 
Bxb6 28.Re5 Rxe5 29.fxe5 Rc7 30.Ke4 Ke7 31.Ba3+ Ke8 32.Kd3 Kd8 33.Ke4 Ke8 
34.g4 Rc8 35.h4 Bd8 36.Rh1 Kd7 37.Bc5 Ke6 38.h5 gxh5 39.Rxh5 Bg5 40.Rh2 
Rc7 41.Rh3 f6 42.exf6 Kxf6 43.Ra3 Rc8 44.Rxa7 Re8+ 45.Kd3 Re3+ 46.Kc4 Re4 
47.a4 Rxg4 48.Rc7 Bd2 49.Rxc6+ Kf5 50.Kd3 Rg2 51.Bf8 Rg8 52.Bxh6 Bxh6 53.
Rxh6 Ra8 54.a5 Kg5 55.Rc6 Rxa5 56.Rc5+ Rxc5 57.dxc5 Kf6 58.Kc4 Ke7 59.Kb5 
Kd7 60.Kb6 Kc8 61.Kc6 1-0

[Event "16th Asia-ch (w)"]
[Site "Ho Chi Minh VIE"]
[Date "2012.05.07"]
[Round "3"]
[White "Nguyen Quynh Anh"]
[Black "Swathi, Ghate"]
[Result "0-1"]
[WhiteElo "2129"]
[BlackElo "2286"]
[EventDate "2012.05.05"]
[PlyCount "96"]

1.e4 e5 2.Nc3 Nc6 3.g3 Bc5 4.Bg2 a6 5.Nge2 d6 6.Nd5 Nf6 7.c3 Nxd5 8.exd5 
Ne7 9.d4 Bb6 10.O-O O-O 11.c4 Ng6 12.Be3 Re8 13.h3 Bd7 14.b4 exd4 15.Nxd4 
Re5 16.Rc1 Qe7 17.Kh2 Re8 18.Rc3 h5 19.Nf3 Rxe3 20.fxe3 h4 21.e4 hxg3+ 22.
Kxg3 Qxe4 23.Kh2 Qf4+ 24.Kh1 Qg3 25.Re1 Rf8 26.Qd2 Nf4 27.Ng1 Qg5 28.Qc2 
Nh5 29.Qb3 Bf2 30.Rb1 Bf5 31.Rb2 Ng3+ 32.Kh2 Ne4 33.Rf3 Bd4 34.Re2 Be5+ 
35.Kh1 Ng3+ 36.Rxg3 Bxg3 37.Bf3 Be5 38.Rg2 Qc1 39.Bg4 Be4 40.Bf3 Bxf3 41.
Qxf3 Qxc4 42.a3 f5 43.Qd1 Bf6 44.Nf3 Re8 45.Rc2 Qb3 46.Ng1 Re3 47.Qd2 Rd3 
48.Qe2 Qxd5+ 0-1

[Event "16th Asia-ch (w)"]
[Site "Ho Chi Minh VIE"]
[Date "2012.05.07"]
[Round "3"]
[White "Pham Bich Ngoc"]
[Black "Ngo Thi Kim Tuyen"]
[Result "1-0"]
[WhiteElo "2176"]
[BlackElo "2070"]
[EventDate "2012.05.05"]
[PlyCount "80"]

1.c4 e6 2.Nf3 d5 3.d4 Nf6 4.e3 Nbd7 5.Nbd2 b6 6.Bd3 Bb7 7.b3 Be7 8.O-O O-O
9.Bb2 Ne4 10.Qc2 f5 11.Rac1 Rc8 12.Ne5 Nxe5 13.dxe5 Nxd2 14.Qxd2 dxc4 15.
Rxc4 c5 16.Qe2 Qe8 17.Rc2 Bc6 18.f3 b5 19.e4 f4 20.Rfc1 Rf7 21.Qf1 Bf8 22.
Be2 Rfc7 23.g3 Qg6 24.Qg2 fxg3 25.hxg3 Be7 26.Bf1 a5 27.Ba3 b4 28.Bb2 Rd8 
29.Bc4 Rcd7 30.Re2 Rd1+ 31.Kf2 R1d2 32.Rh1 Rxe2+ 33.Kxe2 Bg5 34.Bc1 Bxc1 
35.Rxc1 Qh6 36.f4 Rd4 37.Bd3 Qg6 38.Ke3 Qe8 39.Rc4 Qd7 40.Rc2 h6 1-0

[Event "16th Asia-ch (w)"]
[Site "Ho Chi Minh VIE"]
[Date "2012.05.07"]
[Round "3"]
[White "Ton Nu Hong An"]
[Black "Vo Thi Kim Phung"]
[Result "0-1"]
[WhiteElo "1997"]
[BlackElo "2155"]
[EventDate "2012.05.05"]
[PlyCount "54"]

1.d4 e6 2.c4 Bb4+ 3.Nc3 b6 4.e3 Bxc3+ 5.bxc3 Nf6 6.Qf3 d5 7.Ba3 Nbd7 8.
cxd5 exd5 9.Bb5 Bb7 10.Qg3 c6 11.Bd3 g6 12.h4 Rc8 13.Nf3 c5 14.Ne5 Qe7 15.
Rb1 Nxe5 16.dxe5 Ne4 17.Bxe4 dxe4 18.Rd1 Qe6 19.O-O O-O 20.c4 Rcd8 21.Qg5 
Rd3 22.Bb2 Qxc4 23.e6 Qxe6 24.f4 f6 25.Qg3 Qf5 26.Rxd3 exd3 27.Rf2 c4 0-1

[Event "16th Asia-ch (w)"]
[Site "Ho Chi Minh VIE"]
[Date "2012.05.07"]
[Round "3"]
[White "Enkhtuul, Altanulzii"]
[Black "Jelsen, Yemi"]
[Result "1/2-1/2"]
[WhiteElo "2108"]
[BlackElo "2007"]
[EventDate "2012.05.05"]
[PlyCount "141"]

1.d4 d5 2.Nf3 e6 3.g3 Nf6 4.Bg2 Be7 5.O-O O-O 6.c4 c6 7.Nbd2 Nbd7 8.Qc2 b6
9.e4 dxc4 10.Nxc4 Ba6 11.b3 c5 12.dxc5 Nxc5 13.Rd1 Qc8 14.e5 Nd5 15.Bg5 
Qc7 16.Rab1 Rad8 17.a3 h6 18.Bxe7 Qxe7 19.Nd6 Nd7 20.Ne4 Rc8 21.Qb2 Rfd8 
22.b4 Rb8 23.Rdc1 Bd3 24.Ne1 Bxe4 25.Bxe4 a5 26.Nd3 axb4 27.axb4 b5 28.
Bxd5 exd5 29.Qd4 Nf8 30.Qc5 Qd7 31.Qc6 Ne6 32.Qxd7 Rxd7 33.Rc8+ Kh7 34.
Rxb8 Nd4 35.Rb6 Ra7 36.Kg2 Ra3 37.Nf4 Ra2 38.Nxd5 Rd2 39.Ne3 Rb2 40.Rb7 
Kg8 41.Rb8+ Kh7 42.Rf8 Kg6 43.Nd5 Nc6 44.Nf4+ Kh7 45.Rxf7 Nxe5 46.Rf5 Ng4 
47.Nd3 Rd2 48.Rf3 Nf6 49.Nf4 Rb2 50.Nd3 Rb3 51.h4 Nd5 52.Ne5 Rxb4 53.Rf8 
Nf6 54.f4 Rb2+ 55.Kh3 Rb3 56.f5 Re3 57.Ng4 Nxg4 58.Kxg4 b4 59.Rb8 Rb3 60.
Kf4 Rxb1 61.Kg4 Rb3 62.h5 Rb1 63.f6 gxf6 64.Rb7+ Kg8 65.Kf5 Rg1 66.g4 b3 
67.Rxb3 Kf7 68.Rb7+ Kg8 69.Kf4 Rf1+ 70.Ke4 Rg1 71.Kf4 1/2-1/2

[Event "16th Asia-ch (w)"]
[Site "Ho Chi Minh VIE"]
[Date "2012.05.08"]
[Round "4"]
[White "Batchimeg, Tuvshintogs"]
[Black "Kharisma Sukandar, Irine"]
[Result "0-1"]
[WhiteElo "2363"]
[BlackElo "2288"]
[EventDate "2012.05.05"]
[PlyCount "160"]

1.d4 Nf6 2.Nf3 e6 3.c4 b6 4.a3 Ba6 5.Qc2 Bb7 6.Nc3 c5 7.d5 exd5 8.cxd5 
Nxd5 9.Bg5 Be7 10.Qe4 Nxc3 11.Qxb7 Nc6 12.Bxe7 Kxe7 13.Ne5 Nxe5 14.bxc3 
Nc6 15.Qa6 Re8 16.Qd3 Kf8 17.Qxh7 Qf6 18.Qh8+ Ke7 19.Qh3 d5 20.g4 Ne5 21.
Rd1 Ng6 22.Qg3 Rad8 23.g5 Qf5 24.Bh3 Qf4 25.Bg2 Qc4 26.O-O Kf8 27.e3 Qxc3 
28.Bxd5 Qe5 29.Bc6 Rxd1 30.Rxd1 Rc8 31.Qg4 Qc7 32.Be4 Ne5 33.Qh3 Rd8 34.
Rc1 Qd7 35.Qh8+ Ke7 36.Qxg7 Qg4+ 37.Bg2 Rd1+ 38.Rxd1 Qxd1+ 39.Bf1 Nf3+ 40.
Kg2 Ne1+ 41.Kg1 Qg4+ 42.Kh1 Qe4+ 43.Kg1 Nf3+ 44.Kh1 Nd2+ 45.Kg1 Qg4+ 46.
Kh1 Nxf1 47.Qe5+ Qe6 48.Qc7+ Ke8 49.Qb8+ Kd7 50.Qxa7+ Kc6 51.Qa4+ Kb7 52.
Qd1 Nxe3 53.fxe3 Qe4+ 54.Kg1 Qxe3+ 55.Kf1 Qh3+ 56.Ke1 Qxh2 57.Qd5+ Kc8 58.
Qc6+ Qc7 59.Qe8+ Kb7 60.Qe4+ Qc6 61.Qe7+ Ka6 62.Qxf7 Qe4+ 63.Kd2 Qg2+ 64.
Kc3 Qg3+ 65.Kc2 Qxg5 66.Qc4+ Kb7 67.Qf7+ Kc6 68.Qe6+ Kc7 69.Qf7+ Kd6 70.
Qf8+ Qe7 71.Qf4+ Qe5 72.Qf8+ Kc7 73.Qf7+ Kc6 74.Qg6+ Qd6 75.Qe4+ Qd5 76.
Qe8+ Kb7 77.Qb5 Qa2+ 78.Kc3 Qxa3+ 79.Kc2 Qa2+ 80.Kc3 Qa5+ 0-1

[Event "16th Asia-ch (w)"]
[Site "Ho Chi Minh VIE"]
[Date "2012.05.08"]
[Round "4"]
[White "Ding Yixin"]
[Black "Zhao Xue"]
[Result "1/2-1/2"]
[WhiteElo "2353"]
[BlackElo "2549"]
[EventDate "2012.05.05"]
[PlyCount "101"]

1.Nf3 Nf6 2.g3 d5 3.Bg2 b5 4.O-O c5 5.d4 e6 6.b3 Ba6 7.Ne5 cxd4 8.Bb2 Nbd7
9.Bxd4 Nxe5 10.Bxe5 Bd6 11.Qd4 Bxe5 12.Qxe5 Rc8 13.c3 Qc7 14.Qd4 O-O 15.
Re1 Rfd8 16.e3 e5 17.Qb4 Rb8 18.a4 bxa4 19.Qxa4 Rb6 20.c4 dxc4 21.bxc4 
Qxc4 22.Qxc4 Bxc4 23.Rxa7 g6 24.Rb7 Rxb7 25.Bxb7 Rb8 26.Bg2 Bd3 27.Nc3 e4 
28.f3 Rb3 29.Nxe4 Bxe4 30.fxe4 Ng4 31.Bf3 Nxe3 32.Rc1 Rb2 33.Rc7 Rb4 34.
Rc5 h5 35.h4 Kg7 36.Kf2 Nc4 37.e5 Rb2+ 38.Be2 Nb6 39.Rb5 Rxb5 40.Bxb5 Kf8 
41.Kf3 Ke7 42.Ke4 Nd7 43.Bxd7 Kxd7 44.Kd5 Ke7 45.Kd4 Kd8 46.Kd5 Kd7 47.Kd4
Kc6 48.Kc4 Kc7 49.Kc5 Kd7 50.Kd5 Ke7 51.Ke4 1/2-1/2

[Event "16th Asia-ch (w)"]
[Site "Ho Chi Minh VIE"]
[Date "2012.05.08"]
[Round "4"]
[White "Mongontuul, Batchujagijn"]
[Black "Nguyen Thi Thanh An"]
[Result "1/2-1/2"]
[WhiteElo "2451"]
[BlackElo "2301"]
[EventDate "2012.05.05"]
[PlyCount "124"]

1.e4 c5 2.Nf3 d6 3.d4 cxd4 4.Nxd4 Nf6 5.Nc3 a6 6.Bg5 e6 7.Qd3 Qc7 8.O-O-O 
Nbd7 9.f4 Nc5 10.Qe3 Bd7 11.Be2 Na4 12.Rd3 Nb6 13.Bf3 Be7 14.g4 h6 15.Bxf6
Bxf6 16.h4 Nc4 17.Qg1 Rc8 18.g5 hxg5 19.hxg5 Rxh1 20.Bxh1 Nxb2 21.Rh3 Bxd4
22.Qxd4 Qc4 23.Rh8+ Ke7 24.Qxg7 Qxc3 25.Qxc3 Rxc3 26.Kxb2 Rg3 27.Rh4 Bc6 
28.a3 Rg1 29.Bf3 Rg3 30.Bh1 Rg1 31.Bf3 e5 32.fxe5 dxe5 33.Rh5 Kf8 34.g6 f6
35.Rh7 Rxg6 36.Rc7 Rg5 37.Rc8+ Ke7 38.Rc7+ Kd6 39.Rf7 f5 40.Rf6+ Ke7 41.
Rh6 fxe4 42.Be2 Bd5 43.c4 Bc6 44.Kc3 Rg3+ 45.Kb4 Rg2 46.Bf1 a5+ 47.Kxa5 e3
48.Bxg2 Bxg2 49.Rb6 e2 50.Rb1 Be4 51.Re1 Bd3 52.c5 Ke6 53.Kb6 Kd5 54.a4 
Kd4 55.a5 Bc4 56.Kxb7 Kxc5 57.a6 Kd4 58.a7 Bd5+ 59.Kc7 Ke3 60.Kd6 Ba8 61.
Kxe5 Kd2 62.Rxe2+ Kxe2 1/2-1/2

[Event "16th Asia-ch (w)"]
[Site "Ho Chi Minh VIE"]
[Date "2012.05.08"]
[Round "4"]
[White "Tania, Sachdev"]
[Black "Nakhbaeva, Guliskhan"]
[Result "1-0"]
[WhiteElo "2417"]
[BlackElo "2309"]
[EventDate "2012.05.05"]
[PlyCount "64"]

1.d4 Nf6 2.c4 e6 3.Nf3 Bb4+ 4.Bd2 a5 5.g3 d6 6.Bg2 Nbd7 7.O-O e5 8.Nc3 
exd4 9.Nxd4 O-O 10.b3 c6 11.Nc2 Bc5 12.Bf4 Ne5 13.Na4 Qe7 14.Nxc5 dxc5 15.
e4 Re8 16.f3 h6 17.Qd2 a4 18.Rad1 Nfd7 19.Qc3 f6 20.Bc1 Nf8 21.f4 Nf7 22.
Rfe1 Bg4 23.Rd3 axb3 24.axb3 Red8 25.Ne3 Rxd3 26.Qxd3 Bc8 27.Bb2 Qd8 28.
Qc3 Qc7 29.Rd1 h5 30.e5 fxe5 31.fxe5 Qe7 32.h4 Qe6 1-0